Sociologia

Bibliografiska uppgifter
Huvudupphovsman: Poviña, Alfredo 1904-1986
Materialtyp: Bok
Språk:Spanish
Upplaga:4a ed.
Ämnen:

MARC

LEADER 00000cam a2200000 a 4500
001 54923
005 20231215062558.0
008 967122|1961 ||||||||r|||||||||||spa||
040 |b spa 
041 1 |a spa 
082 0 |a 301 
100 1 |a Poviña, Alfredo  |d 1904-1986  |9 23166 
245 |a Sociologia  |c Alfredo Poviña  |h imp 
250 |a 4a ed. 
264 |a Cordova  |b Editorial Assandri  |c 1961 
300 |a 762 páginas:  |c 23 cm 
650 |a Sociologia politica  |9 20352 
650 7 |a Familias  |9 107 
650 4 |a Sociología  |9 183 
650 7 |a Sociedad  |9 6 
852 |a UC-CDJBV  |c ESTANTERIA CERRADA  |f Compra  |k zulay.encalada  |l 1  |m General  |p 19671221  |q 200,00  |r 2  |t 54923  |b 0  |d CDRC  |e CDRC  |g 301 ESTANTERIA CERRADA  |z 1967-71-22 
942 |c BK 
999 |c 13151  |d 13151